| Tag |
First Indicator |
Second Indicator |
Subfields |
| LEADER |
00000cem a2200000 a 4500 |
| 001 |
in00001402774 |
| 005 |
20151020052151.0 |
| 007 |
aj canzn |
| 008 |
970818s1997 mduagekbd a f 0 eng d |
| 010 |
|
|
|a gp 97067195
|
| 034 |
1 |
|
|a a
|b 10000
|d W0730718
|e W0730408
|f S0364058
|g S0364359
|
| 034 |
1 |
|
|a a
|b 10000
|d W0730113
|e W0725808
|f S0364143
|g S0364444
|
| 035 |
|
|
|a (OCoLC)37485963
|
| 035 |
|
|
|9 AHM2888AM
|
| 037 |
|
|
|a NSN 7642-01-401-1829
|b DOD
|
| 037 |
|
|
|a 22 BHA 22311
|b NIMA
|
| 040 |
|
|
|a GPO
|c GPO
|d DLC
|d MvI
|d UtOrBLW
|
| 052 |
|
|
|a 5332
|b C6
|
| 052 |
|
|
|a 9250
|
| 074 |
|
|
|a 0378-E-22
|
| 086 |
0 |
|
|a D 5.356:22311/997
|
| 110 |
1 |
|
|a United States.
|b National Imagery and Mapping Agency.
|
| 245 |
1 |
0 |
|a Chile, Ports of Talcahuano, Lirquen, and Penco.
|
| 246 |
3 |
0 |
|a Ports of Talcahuano, Lirquen, and Penco
|
| 250 |
|
|
|a 19th ed., Apr. 5, 1997 (Correct through NM 14/97).
|
| 255 |
|
|
|a Scale 1:10,000 ;
|b Mercator proj.
|c (W 73⁰07ʹ18ʺ--W 73⁰04ʹ08ʺ/S 36⁰40ʹ58ʺ--S 36⁰43ʹ59ʺ).
|
| 255 |
|
|
|a Scale 1:10,000 ;
|b Mercator proj.
|c (W 73⁰01ʹ13ʺ--W 72⁰58ʹ08ʺ/S 36⁰41ʹ43ʺ--S 36⁰44ʹ44ʺ).
|
| 264 |
|
1 |
|a [Bethesda, Md.] :
|b The Agency ;
|c [1997]
|
| 264 |
|
2 |
|a [Riverdale, Md.] :
|b [NOAA Distribution Division, N/ACC3, National Ocean Service, distributor],
|
| 300 |
|
|
|a 2 maps on 1 sheet :
|b color ;
|c 57 x 47 cm. and 57 x 47 cm., sheet 70 x 107 cm.
|
| 336 |
|
|
|a cartographic image
|b cri
|2 rdacontent
|
| 337 |
|
|
|a unmediated
|b n
|2 rdamedia
|
| 338 |
|
|
|a sheet
|b nb
|2 rdacarrier
|
| 500 |
|
|
|a Depths shown by isolines and soundings.
|
| 500 |
|
|
|a Relief shown by contours and spot heights.
|
| 500 |
|
|
|a "From surveys of the Hydrographic Institute of the Navy of Chile; photogrammetric update through 1982."
|
| 500 |
|
|
|a "Copyright 1997 by the United States Government. No copyright claimed under Title 17 U.S.C."
|
| 500 |
|
|
|a "Soundings in meters."
|
| 500 |
|
|
|a Includes source data and tidal information.
|
| 500 |
|
|
|a Components: Port of Talcahuano -- Ports of Lirquen and Penco.
|
| 500 |
|
|
|a Cartographic material.
|
| 650 |
|
0 |
|a Nautical charts
|z Oceania.
|
| 650 |
|
0 |
|a Harbors
|z Chile
|z Talcahuano
|x Maps.
|
| 650 |
|
0 |
|a Harbors
|z Chile
|z Lirquén
|x Maps.
|
| 650 |
|
0 |
|a Harbors
|z Chile
|z Penco
|x Maps.
|
| 651 |
|
0 |
|a Concepción Bay (Biobío, Chile)
|x Navigation.
|
| 651 |
|
0 |
|a South Pacific Ocean
|x Navigation.
|
| 651 |
|
0 |
|a Pacific Coast (Chile)
|
| 999 |
|
|
|a MARS
|
| 999 |
f |
f |
|s 0c41f089-bf87-35de-8726-53170494ed52
|i a64394f7-d926-33bd-b1b9-41209c59b024
|t 0
|
| 952 |
f |
f |
|p normal
|a Texas A&M University
|b College Station
|c Sterling C. Evans Library
|d Evans: Maps (2nd floor)
|t 0
|e D 5.356:22311/997
|h Superintendent of Documents classification
|i unmediated -- sheet
|m A14823017853
|
| 998 |
f |
f |
|a D 5.356:22311/997
|t 0
|l Evans: Maps (2nd floor)
|